000
00204nam a22000857a 4500
008
161207b xxu||||| |||| 00| 0 eng d
100
_9
1931
_a
Tychyna. P
245
_a
Little Ivan
260
_a
Moscow
_b
Dinpro
_c
1981
999
_c
4697
_d
4697